000 01802nam a2200241 a 4500
001 ASIN3823855891
003 OSt
005 20180116192422.0
008 140509s2002 xxu eng d
020 _a3823855891 (hardcover)
_c$12.95
020 _a9783823855897 (hardcover)
040 _csada
082 _a720.922
_bLEG 2002
245 0 0 _aLegorreta+legorreta /
_cedited Aurora Cuito.
260 _a[S.l.] :
_bTe Neues Publishing Company,
_c2002.
300 _a80 p. ;
_c23 cm.
490 1 _aArchipockets) (english, french, german and italian edition.
520 _aIn spite of its monumentality, the architecture of Legorreta + Legorreta is conceived for us to live in: it suits our needs, our appetites, and our emotions. Some of the best examples are seen in the vestibules of the Center of Visual Arts and of the Sheraton Hotel in Bilbao. Geometric pure and timeless forms instill rotundity and clarity into the complicated projects. Even in large complexes, like the Chiron Laboratories, or the Egade Graduate School, privacy and simplicity is preserved. The treatment of light also aids them in creating different spaces without any need of walls or separators. The application of color is a most important priority, especially in projects set in their native Mexico. There are tones that the architects use to dramatize spaces which intensify the personal experience of the people in the buildings. All of these ingredients integrate architecture, landscaping, and interior decoration into a single discipline that respects the place and the traditions.
700 1 _aCuito, Aurora.
_97547
830 0 _aArchipockets) (english, french, german and italian edition.
_97548
856 4 0 _3Amazon.com
_uhttp://www.amazon.com/exec/obidos/ASIN/3823855891/chopaconline-20
942 _2ddc
_cBK
999 _c353949
_d353949